000 02255cam a22004934i 4500
003 PE-LiUPU
005 20250731173019.0
008 150623s1996 mau rb 000 0 eng d
020 _a1565631765
035 _a(Sirsi) i9781565631762
040 _aPE-LiUPU
_bspa
_cPE-LiUPU
_erda
049 _aPRUA
082 0 4 _a274.107
_bW571759-1833
_221
100 1 _aWilberforce, William,
_d1759-1833,
_eautor.
245 1 2 _aA practical view of Christianity /
_cWilliam Wilberforce ; editado por Kevin Charles Belmonte ; con una introducción de Charles Colson ; y un prólogo de Garth M. Rosell.
264 1 _aPeabody, Massachusetts :
_bHendrickson Publishers,
_c1996.
300 _a288 páginas ;
_c23 centímetros
336 _atext
_2rdacontent
337 _aunmediated
_2rdamedia
338 _avolume
_2rdacarrier
504 _aIncluye bibliografía.
505 0 _aInadequate conceptions of the importance of christianity -- Corruption of human nature -- Chief defecs of the religious system of the bulk of professed christians, in what regards our Lord Jesus Christ, and Holy Spirit -- On the prevailing inadequate conceptions concerting the nature and the stricness of practical christianity -- On the excellence of christianity in certain importan particulars -- Practical hints to various descriptions of persons.
526 _aSEG42
526 _aSEG41
526 _aSEG40
526 _aSEG39
526 _aP94
526 _aP87
526 _aP86
526 _aP85
526 _aP77
526 _aP76
526 _aP35
650 1 4 _aCristianismo
_xPrimeros trabajos en 1800.
650 1 4 _aEvangelismo
_xPrimeros trabajos en 1800.
650 2 4 _aGran Bretaña
_xHistoria de la Iglesia
_ySiglo XVIII.
650 2 4 _aVocación
_xPrimeros trabajos en 1800.
942 _2ddc
_cBOOK
949 _a274.107 W57 1759-1833
_wDEWEY
_c1
_i47402
_lCCODEBUL1
_mBUL
_r0
_sY
_tBOOK
_u2015-6-24
_xTEOLOGIA
_PP35
_0COMPRA
_o.STAFF. Colección Teología
994 _aC0
_bPEPRU
596 _a1
999 _a274.107 W57 1759-1833
_wDEWEY
_c23957
_i47402
_f2021-11-11
_g5
_lCCODEBUL1
_mBUL
_p30.00
_r0
_sY
_tBOOK
_u2015-6-24
_xTEOLOGIA
_PP35
_0COMPRA
_o.STAFF. Colección Teología
_d23957
980 _81
_gALBERTO SANCHEZ Responsable de Automatización